Top 100 DJ's 2020 - Statistiques

Statistiques générales
  • Ce quiz a été pris 104 fois
  • Le résultat moyen est 11 sur 100
Statistiques - réponses
Position DJ % Correct
1 David Guetta
95%
25 DJ Snake
66%
3 Martin Garrix
66%
18 Calvin Harris
47%
16 Tiesto
42%
17 Hardwell
35%
10 Timmy Trumpet
32%
2 Dimitri Vegas & Like Mike
29%
9 Steve Aoki
29%
11 Marshmello
28%
15 Skrillex
28%
4 Armin Van Buuren
27%
21 Lost Frequencies
27%
27 The Chainsmokers
27%
99 Robin Schulz
25%
7 Afrojack
24%
28 Kygo
22%
14 W&W
21%
76 Fisher
20%
6 Don Diablo
18%
5 Alok
16%
32 Charlotte de Witte
16%
8 Oliver Heldens
16%
26 Alan Walker
15%
45 Alesso
15%
37 Diplo
15%
34 Carl Cox
13%
29 Bassjackers
12%
13 R3hab
12%
59 Amélie Lens
11%
36 Angerfist
11%
70 Blasterjaxx
11%
12 KSHMR
11%
31 Nicky Romero
11%
20 Nervo
9%
84 Swedish House Mafia
9%
91 Black Coffee
8%
33 Quintino
8%
35 Zedd
8%
41 Claptone
7%
64 Deadmau5
7%
30 Vintage Culture
7%
55 DVBBS
6%
23 Fedde le Grand
6%
42 MATTN
6%
40 Tujamo
6%
65 Ummet Ozcan
6%
24 Vini Vici
6%
60 Boris Brejcha
5%
46 Headhunterz
5%
90 Mike Williams
5%
54 Miss K8
5%
66 Nina Kraviz
5%
47 Alison Wonderland
4%
63 Breathe Carolina
4%
52 Cat Dealers
4%
22 Eric Prydz
4%
75 Florian Picasso
4%
43 Illenium
4%
71 Julian Jordan
4%
100 Marco Carola
4%
50 Paul Van Dyk
4%
87 Sunnery James & Ryan Marciano
4%
92 Tungevaag
4%
58 Will Sparks
4%
67 Yellow Claw
4%
62 3 Are Legend
2%
19 Above & Beyond
2%
48 Adam Beyer
2%
56 ATB
2%
89 Burak Yeter
2%
61 Carta
2%
38 Danny Avila
2%
72 Deniz Koyu
2%
94 Mike Perry
2%
73 Nora en Pure
2%
69 Peggy Gou
2%
57 Rezz
2%
39 Vinai
2%
98 22Bullets
1%
95 Anna
1%
88 Aryue
1%
97 Blastoyz
1%
78 Brennan Heart
1%
93 Deborah de Luca
1%
51 Diego Miranda
1%
96 Dimitri Vangelis & Wyman
1%
83 D.O.D
1%
53 Ferry Corsten
1%
86 Green Velvet
1%
68 Jamie Jones
1%
74 Kura
1%
44 Mariana BO
1%
79 Mr. Pig
1%
82 Pink Panda
1%
85 Plastik Funk
1%
80 Radical Redemption
1%
81 Rave Republic
1%
77 Tom & Collins
1%
49 Wolfpack
1%
Aucun quiz correspondant
Distribution des résultats
% des personnes avec chaque résultat
Percentile par nombre de réponses
Votre historique - résultats
Vous n’avez pas pris ce quiz